Evidence Act 1950 (Act 56) (Revised - 1971) (as at July 1996)
| Corporate Author: | |
|---|---|
| Format: | Book |
| Published: |
Kuala Lumpur :
Malayan Law Journal ,
1996
|
| Series: | MLJ statute series
|
| Subjects: |
MARC
| LEADER | 00000cam a2200000 7i4500 | ||
|---|---|---|---|
| 001 | 0000000612 | ||
| 005 | 20000912.0 | ||
| 020 | 0 | 0 | |a 9679620344 |
| 090 | 0 | 0 | |a 347.59506 |b MAL 1996 |
| 110 | 1 | 0 | |a MALAYSIA |
| 245 | 1 | 0 | |a Evidence Act 1950 (Act 56) (Revised - 1971) (as at July 1996) |
| 260 | 0 | 0 | |a Kuala Lumpur : |b Malayan Law Journal , |c 1996 |
| 300 | |a 73 p. ; |c 25 cm. | ||
| 440 | 0 | 0 | |a MLJ statute series |
| 650 | 0 | 0 | |a Confession (Law) |z Malaysia |
| 650 | 0 | 0 | |a Evidence (Law) |z Malaysia |
| 999 | |a 0000001891 |b Monograph |c Open Shelf |e Default branch | ||